A cidade como história/
Đã lưu trong:
| Tác giả chính: | |
|---|---|
| Tác giả khác: | |
| Định dạng: | Sách |
| Ngôn ngữ: | Portuguese |
| Các nhãn: |
Thêm thẻ
Không có thẻ, Là người đầu tiên thẻ bản ghi này!
|
MARC
| LEADER | 00000nam a22000007a 4500 | ||
|---|---|---|---|
| 003 | cru CIDCACS/IIS | ||
| 005 | 20200925161152.0 | ||
| 007 | ta | ||
| 008 | 161201s2009 bl ||||| |||| 00| 0 por d | ||
| 040 | |c CRAI/IIS |a CRAI/IIS | ||
| 100 | 1 | |9 698 |a Carpintéro, Marisa Varanda Teixeira | |
| 245 | 1 | |a A cidade como história/ |c Marisa Varanda Teixeira Carpintéro, Josianne Francia Cerasoli | |
| 300 | |a páginas 61-101 | ||
| 700 | 1 | |9 699 |a Cerasoli, Josianne Francia | |
| 773 | 0 | |0 18782 |9 192 |a Universidade Federal Do Paraná. |d Curitiba Paraná, Brasil: Editora da UFPR, |o R11911 |t História: |x 01006932 | |
| 942 | |2 ddc |c PP | ||
| 999 | |c 18784 |d 18784 | ||
